000 00281nam a22001217a 4500
008 230704b xxu||||| |||| 00| 0 eng d
082 _a363.3
_bUNI
110 _bUNICEF
245 _aconsolidated Emergency Donor Report
260 _bUNICEF
_c2001
300 _a57p
942 _2ddc
_cBK
999 _c3893
_d3893